书目信息 |
| 题名: |
红旗下的乡村
|
|
| 作者: | 钟日兴 著 | |
| 分册: | ||
| 出版信息: | 北京 中国社会科学出版社 2009.09 |
|
| 页数: | 10,184页 | |
| 开本: | 21cm | |
| 丛书名: | 中央苏区研究丛书 | |
| 单 册: | ||
| 中图分类: | K269.407 | |
| 科图分类: | ||
| 主题词: | ||
| 电子资源: | ||
| ISBN: | 978-7-5004-8046-4 | |
| 000 | 01128oam2 2200289 450 | |
| 001 | 010010034320 | |
| 005 | 20120626150147.01 | |
| 010 | @a978-7-5004-8046-4@dCNY19.00 | |
| 100 | @a20091210d2009 em y0chiy0110 ea | |
| 101 | 0 | @achi |
| 102 | @aCN@b110000 | |
| 105 | @ay z 000yy | |
| 106 | @ar | |
| 200 | 1 | @a红旗下的乡村@9hong qi xia de xiang cun@e中央苏区政权建设与乡村社会动员@f钟日兴著 |
| 210 | @a北京@c中国社会科学出版社@d2009.09 | |
| 215 | @a10,184页@d21cm | |
| 225 | 2 | @a中央苏区研究丛书 |
| 300 | @a本丛书获江西省高校人文社科重点研究基地——赣南师范学院中央苏区研究中心专项经费资助出版 | |
| 330 | @a本书内容包括:20世纪前期的赣闽乡村政治结构;中国共产党对苏维埃道路的探索;苏维埃政权的建立;土地斗争;军事动员等。 | |
| 461 | 0 | @12001 @a中央苏区研究丛书@1701 0@a田延光@4主编 |
| 517 | 1 | @a中央苏区政权建设与乡村社会动员@9zhong yang su qu zheng quan jian she yu xiang cun she hui dong yuan |
| 601 | 02 | @a中央工农民主政府@x史料 |
| 601 | 02 | @a中央工农民主政府 |
| 690 | @aK269.407@v4 | |
| 701 | 0 | @a钟日兴@9zhong ri xing@f(1979~)@4著 |
| 801 | 0 | @aCN@bRENTIAN@c20091210 |
| 905 | @b540895-99@dK269.407@e52@f5 | |
| 红旗下的乡村:中央苏区政权建设与乡村社会动员/钟日兴著.-北京:中国社会科学出版社,2009.09 |
| 10,184页;21cm.-(中央苏区研究丛书) |
| 本丛书获江西省高校人文社科重点研究基地——赣南师范学院中央苏区研究中心专项经费资助出版 |
| ISBN 978-7-5004-8046-4:CNY19.00 |
| 本书内容包括:20世纪前期的赣闽乡村政治结构;中国共产党对苏维埃道路的探索;苏维埃政权的建立;土地斗争;军事动员等。 |
| ● |
| 相关链接 |
|
|
|
|
正题名:红旗下的乡村
索取号:K269.407/52
 
预约/预借
| 序号 | 登录号 | 条形码 | 馆藏地/架位号 | 状态 | 备注 |
| 1 | 540895 | 205408959 | 第二样本阅览室/ [索取号:K269.407/52] | 在馆 | |
| 2 | 540896 | 205408968 | 第二借阅区/ [索取号:K269.407/52] | 在馆 | |
| 3 | 540897 | 205408977 | 第二借阅区/ [索取号:K269.407/52] | 在馆 | |
| 4 | 540898 | 205408986 | 史法系资料室/ [索取号:K269.407/52] | 在馆 | |
| 5 | 540899 | 205408995 | 第二借阅区/ [索取号:K269.407/52] | 在馆 |